Countries & Capitals Sorting Blitz II Quiz Stats

 Plays Quiz Updated Jan 21, 2017

Support Sporcle.
Go Orange.
Score 0/36 Timer 04:00
0 Plays Today
% Correct
???
58.1%
???
54.8%
???
54.8%
???
52%
???
45.6%
???
42%
???
33.1%
???
31.1%
???
30.8%
???
26.9%
???
26.7%
???
26.5%
???
26%
???
24.4%
???
23.5%
???
23.5%
???
22.1%
???
17.2%
% Correct
???
16.7%
???
16.5%
???
16.2%
???
16.1%
???
15.9%
???
15.6%
???
14.9%
???
14.1%
???
13.6%
???
13.5%
???
10.4%
???
9.9%
???
9.4%
???
8.6%
???
8.1%
???
8.1%
???
7.8%
???
6.2%

You're not logged in!

Compare scores with friends on all Sporcle quizzes.
OR
Log In

From the Vault

Continuous Country Chain

by petenge

Word chains and world countries - what's not to love?!
Remove Ads.
Support Sporcle.
Get the best of Sporcle when you Go Orange. This ad-free experience offers more features, more stats, and more fun while also helping to support Sporcle. Thank you for becoming a member.

Show Comments

Extras

Top Quizzes Today


Score Distribution

Your Account Isn't Verified!

In order to create a playlist on Sporcle, you need to verify the email address you used during registration. Go to your Sporcle Settings to finish the process.

Report this User

Report this user for behavior that violates our Community Guidelines.

Details: